| 000 | 00482nam a2200205Ia 4500 | ||
|---|---|---|---|
| 003 | OSt | ||
| 005 | 20260216103156.0 | ||
| 008 | 250729s2003 xx 000 0 und d | ||
| 020 | _a978-0130586254 | ||
| 040 | _cAL | ||
| 041 | _aeng | ||
| 082 | _a900 HALL | ||
| 100 |
_aHall Prentice _9228989 |
||
| 245 | _aLone star:the story of texas | ||
| 260 |
_aNew Jersey _c2003 |
||
| 300 | _a69p | ||
| 650 |
_aHistory _9228990 |
||
| 700 |
_aRao Digumurthi _9228991 |
||
| 942 |
_2ddc _cBED |
||
| 999 |
_c238182 _d238182 |
||